Samochód osobowy lub dostawczy z czasów PRL. - Statystyki

Ogólne statystyki
  • Ten quiz został rozwiązany 40 razy
  • Średni wynik to 6 z 7
Statystyki odpowiedzi
Hint Odpowiedź % Poprawnych
1. Żuk
97%
2. Fiat 126 p
88%
5. Warszawa
82%
6. Polonez
79%
4. Syrena
79%
3. Fiat 125 p
76%
7. Nysa
74%
Nie znaleziono quizów pasujących do podanych kryteriów
Rozkład punktacji
Procent ludzi z każdym wynikiem
Percentyl według liczby udzielonych odpowiedzi
Twoja historia wyników
Nie rozwiązałeś tego quizu